000 00646nam a2200205Ia 4500
003 GCL
005 20240530110929.0
008 140319s9999 xx 000 0 ara d
040 _aGCL /
_cGCL
082 0 4 _a823.01
_bد ع
100 1 _aدويل، ارثركونان
245 1 0 _aعصابة الاربعة شارلوك هولمز /
_cدويل، ارثركونان
260 _a[S.N] :
_bصوت الناس ،
_c1993
300 _a198 ص. ؛
_c20 سم.
490 _aالسلسلة البوليسية
_v0
650 0 4 _aالادب العربى
650 0 4 _aالقصص البوليسية
650 0 4 _aالمجموعات
942 _2ddc
_cBK
999 _c66620
_d66620